[Event "BL2-Sued 1011"]
[Site "Germany"]
[Date "2010.10.10"]
[Round "1.2"]
[White "Boguslawski, Oleg"]
[Black "Kempter, Ronald"]
[Result "1-0"]
[WhiteElo "2485"]
[BlackElo "2251"]
[PlyCount "113"]
[EventDate "2010.10.10"]
[EventType "team-tourn"]
[EventRounds "9"]
[EventCountry "GER"]
[SourceTitle "EXT 2012"]
[Source "ChessBase"]
[SourceDate "2011.11.24"]
[SourceVersion "1"]
[SourceVersionDate "2011.11.24"]
[SourceQuality "1"]
[WhiteTeam "Hockenheim"]
[BlackTeam "Krumbach"]
[WhiteTeamCountry "GER"]
[BlackTeamCountry "GER"]

1. e4 e5 2. Nf3 Nc6 3. Bb5 a6 4. Ba4 Nf6 5. 0-0 Be7 6. Re1 b5 7. Bb3 0-0 8. d4 exd4 9. e5 Ne8 10. Bd5 Rb8 11. Bf4 Nb4 12. Bb3 Bb7 13. a3 Nd5 14. Bxd5 Bxd5 15. Nxd4 Bg5 16. Nf3 Bxf3 17. Qxf3 Bxf4 18. Qxf4 f6 19. Nc3 fxe5 20. Qxe5 Nf6 21. h3 Qc8 22. Nd5 Kh8 23. Nxf6 Rxf6 24. Rad1 d6 25. Qd5 Qd7 26. Re2 c6 27. Qd4 d5 28. Rde1 Rf7 29. Qc5 Rf6 30. Re7 Qd8 31. Qa7 Ra8 32. Qb7 Rb8 33. Qxa6 h6 34. Qa7 Ra8 35. Qxa8 Qxa8 36. Re8+ Rf8 37. Rxa8 Rxa8 38. Re6 Rc8 39. Kf1 Rc7 40. Re8+ Kh7 41. Ke2 Kg6 42. Kd3 Kf7 43. Re3 c5 44. Re5 Rd7 45. f4 Kf6 46. g4 g6 47. c3 Rd8 48. b4 cxb4 49. axb4 Rd7 50. h4 Kg7 51. f5 gxf5 52. Rxf5 Kg6 53. Kd4 Rc7 54. h5+ Kg7 55. Rxd5 Rc4+ 56. Kd3 Rxg4 57. Rxb5 1-0

[Event "BL2-Sued 0910"]
[Site "Germany"]
[Date "2010.04.11"]
[Round "9.3"]
[White "Schulze, Ulrich"]
[Black "Kempter, Ronald"]
[Result "1/2-1/2"]
[WhiteElo "2319"]
[BlackElo "2287"]
[PlyCount "85"]
[EventDate "2009.10.18"]
[EventType "team-tourn"]
[EventRounds "9"]
[EventCountry "GER"]
[SourceTitle "EXT 2011"]
[Source "ChessBase"]
[SourceDate "2010.11.26"]
[SourceVersion "1"]
[SourceVersionDate "2010.11.26"]
[SourceQuality "1"]
[WhiteTeam "Neuhausen"]
[BlackTeam "Krumbach"]
[WhiteTeamCountry "GER"]
[BlackTeamCountry "GER"]

1. d4 Nf6 2. Nf3 c5 3. d5 e6 4. Nc3 exd5 5. Nxd5 Nxd5 6. Qxd5 Nc6 7. e4 d6 8. Bc4 Be6 9. Qd3 Bxc4 10. Qxc4 Be7 11. 0-0 0-0 12. Bf4 Qa5 13. Bd2 Qc7 14. Bc3 a6 15. a4 b6 16. Rfd1 Qb7 17. Qd5 Rad8 18. h4 Qc7 19. h5 h6 20. b3 Rfe8 21. Rd2 Rc8 22. Qf5 Rcd8 23. Qg4 Bf8 24. Nh4 Ne7 25. Rad1 b5 26. axb5 axb5 27. Qg3 b4 28. Bf6 Kh8 29. e5 dxe5 30. Bxe5 Qc8 31. Bd6 Rd7 32. Qf4 Kg8 33. Nf3 Nc6 34. Bxf8 Rxd2 35. Rxd2 Rxf8 36. Qd6 Nd8 37. Ne5 Re8 38. g3 Ne6 39. Qd7 Qxd7 40. Rxd7 Nd4 41. Nd3 Nxc2 42. Nxc5 Rc8 43. Rd5 1/2-1/2

[Event "BL2-Sued 0910"]
[Site "Germany"]
[Date "2010.03.21"]
[Round "8.3"]
[White "Kempter, Ronald"]
[Black "Grabarczyk, Miroslaw"]
[Result "0-1"]
[WhiteElo "2287"]
[BlackElo "2464"]
[PlyCount "88"]
[EventDate "2009.10.18"]
[EventType "team-tourn"]
[EventRounds "9"]
[EventCountry "GER"]
[SourceTitle "EXT 2011"]
[Source "ChessBase"]
[SourceDate "2010.11.26"]
[SourceVersion "1"]
[SourceVersionDate "2010.11.26"]
[SourceQuality "1"]
[WhiteTeam "Krumbach"]
[BlackTeam "Griesheim"]
[WhiteTeamCountry "GER"]
[BlackTeamCountry "GER"]

1. Nf3 d5 2. g3 Nf6 3. Bg2 g6 4. 0-0 Bg7 5. d4 0-0 6. c4 c6 7. cxd5 cxd5 8. Nc3 e6 9. Bf4 Nc6 10. Ne5 Bd7 11. Nxc6 Bxc6 12. Be5 Qe7 13. Qd3 Rfc8 14. Rfc1 Bh6 15. Bf4 Bg7 16. Be5 Bh6 17. Bf4 Bxf4 18. gxf4 Ne8 19. Rc2 Nd6 20. Rac1 Qd7 21. b3 Bb5 22. Qd2 Ba6 23. Na4 b6 24. e3 h6 25. Rxc8+ Rxc8 26. Rxc8+ Qxc8 27. Qc3 Qd8 28. Nb2 Kg7 29. Qc1 g5 30. fxg5 Qxg5 31. Kh1 Qh4 32. Qg1 Kf8 33. Nd1 Ne4 34. Qe1 Bd3 35. Kg1 Kg7 36. Nc3 Ng5 37. Qd1 Ba6 38. f4 Nh3+ 39. Bxh3 Qxh3 40. Qe1 Kh7 41. Qb1+ Kg7 42. Qe1 Kh8 43. Nd1 Qg4+ 44. Kh1 Be2 0-1